[Event "CZE-ch Youth B14 2022"]
[Site "Luhacovice"]
[Date "2022.03.17"]
[Round "7.11"]
[White "Veverka, Vladimir"]
[Black "Kubin, Tomas Daniel"]
[Result "0-1"]
[WhiteElo "1723"]
[BlackElo "1666"]
[Annotator "NA"]
[PlyCount "66"]
[EventDate "2022.03.12"]
[EventType "swiss"]
[EventCountry "CZE"]
[SourceTitle "playchess.com"]
[Source "ChessBase"]
[SourceQuality "1"]
[TimeControl "40/5400+30:1800+30"]

1. d4 {[%emt 0:04:00]} Nf6 {[%emt 0:00:07]} 2. c4 {[%emt 0:05:35]} c5 {[%emt 0:00:06]} 3. d5 {[%emt 0:04:51]} b5 {[%emt 0:00:09]} 4. cxb5 {[%emt 0:04:42]} a6 {[%emt 0:00:14]} 5. bxa6 {[%emt 0:04:46]} g6 {[%emt 0:01:21]} 6. Nc3 {[%emt 0:06:46]} Bg7 {[%emt 0:00:09]} 7. e4 {[%emt 0:05:51]} O-O {[%emt 0:00:32]} 8. a7 {[%emt 0:04:38]} Rxa7 {[%emt 0:00:07]} 9. Nf3 {[%emt 0:04:57]} e6 {[%emt 0:04:15]} 10. Be2 {[%emt 0:05:25]} exd5 {[%emt 0:02:29]} 11. exd5 {[%emt 0:05:34]} d6 {[%emt 0:03:03]} 12. O-O {[%emt 0:05:31]} Ba6 {[%emt 0:08:25]} 13. Nd2 {[%emt 0:10:28]} Bxe2 {[%emt 0:13:51]} 14. Qxe2 {[%emt 0:02:27]} Re8 {[%emt 0:00:14]} 15. Qf3 {[%emt 0:02:29]} Na6 {[%emt 0:05:48]} 16. Nb5 {[%emt 0:05:28]} Rd7 {[%emt 0:06:25]} 17. Nc4 {[%emt 0:02:59]} Nb4 {[%emt 0:03:39]} 18. Rd1 {[%emt 0:03:01]} Qb8 {[%emt 0:09:37]} 19. a4 {[%emt 0:01:46]} Nfxd5 {[%emt 0:02:35]} 20. h3 {[%emt 0:01:06]} Qa8 {[%emt 0:09:51]} 21. Ncxd6 {[%emt 0:04:49]} Red8 {[%emt 0:00:39]} 22. Nc4 {[%emt 0:02:14]} Nc2 {[%emt 0:04:57]} 23. Ra2 {[%emt 0:01:39]} Nd4 {[%emt 0:01:34]} 24. Nxd4 {[%emt 0:00:33]} Bxd4 {[%emt 0:00:22]} 25. Be3 {[%emt 0:00:45]} Qa6 {[%emt 0:02:30]} 26. Rc1 {[%emt 0:00:22]} Nb4 {[%emt 0:02:49]} 27. Ra3 {[%emt 0:00:37]} Bxe3 {[%emt 0:01:45]} 28. Nxe3 {[%emt 0:00:17]} Nd3 {[%emt 0:00:25]} 29. Rcc3 {[%emt 0:00:51]} Nxb2 {[%emt 0:04:43]} 30. g3 {[%emt 0:00:27]} Nd1 {[%emt 0:01:39]} 31. Rxc5 {[%emt 0:00:28]} Nxe3 {[%emt 0:00:55]} 32. Qxe3 {[%emt 0:00:06]} Rd1+ {[%emt 0:01:18]} 33. Kh2 {[%emt 0:00:38]} Qf1 {[%emt 0:00:28]} 0-1

[Event "CZE-ch Youth B14 2022"]
[Site "Luhacovice"]
[Date "2022.03.17"]
[Round "7.12"]
[White "Mrazek, Adam"]
[Black "Sigut, Ondrej"]
[Result "1/2-1/2"]
[WhiteElo "1582"]
[BlackElo "1536"]
[Annotator "NA"]
[PlyCount "72"]
[EventDate "2022.03.12"]
[EventType "swiss"]
[EventCountry "CZE"]
[SourceTitle "playchess.com"]
[Source "ChessBase"]
[SourceQuality "1"]
[TimeControl "40/5400+30:1800+30"]

1. c4 e5 2. Nc3 Nf6 3. g3 c6 4. d4 exd4 5. Qxd4 Be7 6. Bg2 O-O 7. e4 c5 8. Qd1 Nc6 9. Nge2 d6 10. O-O Be6 11. b3 a6 12. Bb2 Rb8 13. a4 Bg4 14. Qd2 Qd7 15. Rfe1 Ne5 16. Qe3 Bh3 17. Nf4 Bxg2 18. Kxg2 Rfe8 19. Rad1 Rbd8 20. f3 Qc6 21. Rd2 Bf8 22. Red1 Qb6 23. Ncd5 Nxd5 24. Nxd5 Qc6 25. Qg5 h6 26. Qf4 Re6 27. Ne3 Be7 28. Bxe5 Rxe5 29. Rd3 Bg5 30. Qg4 Bxe3 31. Rxe3 b5 32. axb5 axb5 33. Red3 bxc4 34. bxc4 Re6 35. Qf4 Rf6 36. Qd2 Re6 1/2-1/2

[Event "CZE-ch Youth B14 2022"]
[Site "Luhacovice"]
[Date "2022.03.18"]
[Round "8.1"]
[White "Dusanek, Michal"]
[Black "Prazak, Daniel"]
[Result "1/2-1/2"]
[WhiteElo "1682"]
[BlackElo "2016"]
[Annotator "ChessBase"]
[PlyCount "70"]
[EventDate "2022.03.12"]
[EventType "swiss"]
[EventCountry "CZE"]
[SourceTitle "playchess.com"]
[Source "ChessBase"]
[SourceQuality "1"]
[TimeControl "40/5400+30:1800+30"]

1. d4 {[%emt 0:00:08]} Nf6 {[%emt 0:00:13]} 2. Bg5 {[%emt 0:01:07]} e6 {[%emt 0:00:44]} 3. e4 {[%emt 0:00:46]} d5 {[%emt 0:01:18]} 4. e5 {[%emt 0:01:01]} h6 {[%emt 0:00:11]} 5. Be3 {[%emt 0:00:42]} Nfd7 {[%emt 0:00:02]} 6. f4 {[%emt 0:00:13]} c5 {[%emt 0:00:11]} 7. c3 {[%emt 0:00:30]} Nc6 {[%emt 0:00:36]} 8. Nf3 {[%emt 0:00:29]} Be7 {[%emt 0:02:37]} 9. Be2 {[%emt 0:03:40]} g6 {[%emt 0:08:58]} 10. O-O {[%emt 0:01:28]} a6 {[%emt 0:03:21]} 11. Kh1 {[%emt 0:05:17]} b5 {[%emt 0:05:59]} 12. g4 {[%emt 0:05:22]} h5 13. f5 {[%emt 0:03:19]} hxg4 {[%emt 0:15:30]} 14. fxe6 {[%emt 0:00:53]} fxe6 {[%emt 0:00:13]} 15. Ng1 {[%emt 0:03:40]} g3 {[%emt 0:09:19]} 16. h3 {[%emt 0:00:44]} Bg5 {[%emt 0:10:32]} 17. Qd2 {[%emt 0:09:28]} Bxe3 {[%emt 0:03:25]} 18. Qxe3 {[%emt 0:00:23]} cxd4 {[%emt 0:01:29]} 19. cxd4 {[%emt 0:00:24]} Rf8 {[%emt 0:10:54]} 20. Nd2 {[%emt 0:18:13]} Qe7 {[%emt 0:04:37]} 21. Nb3 {[%emt 0:10:36]} Bb7 {[%emt 0:03:52]} 22. Qxg3 {[%emt 0:01:03]} O-O-O {[%emt 0:00:20]} 23. a4 {[%emt 0:06:11]} Qb4 {[%emt 0:02:58]} 24. axb5 {[%emt 0:01:45]} axb5 {[%emt 0:01:43]} 25. Rfc1 {[%emt 0:03:02]} Kb8 {[%emt 0:00:15]} 26. Qd3 {[%emt 0:05:25]} Rf2 {[%emt 0:01:16]} 27. Qxb5 {[%emt 0:01:33]} Qxb5 {[%emt 0:00:51]} 28. Bxb5 {[%emt 0:00:11]} Ncxe5 {[%emt 0:00:14]} 29. Na5 {[%emt 0:06:08]} Ng4 {[%emt 0:02:48]} 30. Nf3 {[%emt 0:03:04]} Rxf3 {[%emt 0:00:35]} 31. hxg4 {[%emt 0:00:17]} Rg3 {[%emt 0:00:13]} 32. Rc2 {[%emt 0:01:08]} Rxg4 {[%emt 0:00:23]} 33. Re1 {[%emt 0:03:23]} Rh8+ {[%emt 0:00:20]} 34. Rh2 {[%emt 0:00:11]} Rxh2+ {[%emt 0:00:02]} 35. Kxh2 {[%emt 0:00:08]} Nb6 {[%emt 0:05:35]} 1/2-1/2

[Event "CZE-ch Youth B14 2022"]
[Site "Luhacovice"]
[Date "2022.03.18"]
[Round "8.2"]
[White "Hladky, Tadeas"]
[Black "Zelba, Lukas"]
[Result "1-0"]
[WhiteElo "2029"]
[BlackElo "1945"]
[Annotator "NA"]
[PlyCount "61"]
[EventDate "2022.03.12"]
[EventType "swiss"]
[EventCountry "CZE"]
[SourceTitle "playchess.com"]
[Source "ChessBase"]
[SourceQuality "1"]
[TimeControl "40/5400+30:1800+30"]

1. e4 {[%emt 0:00:03]} e6 {[%emt 0:00:25]} 2. d4 {[%emt 0:00:06]} d5 {[%emt 0:00:08]} 3. Nd2 {[%emt 0:00:04]} dxe4 {[%emt 0:00:05]} 4. Nxe4 {[%emt 0:00:08]} Bd7 {[%emt 0:00:17]} 5. Nf3 {[%emt 0:00:47]} Bc6 {[%emt 0:00:22]} 6. Bd3 {[%emt 0:00:48]} Nd7 {[%emt 0:00:45]} 7. O-O {[%emt 0:02:27]} Be7 {[%emt 0:05:12]} 8. c4 {[%emt 0:11:51]} Ngf6 {[%emt 0:01:00]} 9. Nc3 {[%emt 0:02:09]} Bxf3 {[%emt 0:04:19]} 10. Qxf3 {[%emt 0:00:05]} ({But not} 10. gxf3 O-O $11) 10... c6 {[%emt 0:00:07]} (10... c5 $14 {is more appropriate.}) 11. Re1 {[%emt 0:13:03]} O-O {[%emt 0:02:34]} 12. Be3 {[%emt 0:03:59]} Re8 {[%emt 0:11:16]} 13. Rad1 {[%emt 0:05:01]} Bd6 {[%emt 0:03:21]} 14. Bg5 {[%emt 0:06:41]} Qc7 {[%emt 0:06:08]} 15. g3 {[%emt 0:01:25]} a6 {[%emt 0:12:46]} (15... h6 $14 16. Be3 Bb4) 16. Ne4 {[%emt 0:02:19]} Nxe4 {[%emt 0:00:10]} 17. Qxe4 {[%emt 0:00:26]} Nf8 $16 {[%emt 0:00:20]} 18. Bd2 {[%emt 0:11:40]} Qd7 {[%emt 0:06:57]} 19. Bc3 {[%emt 0:01:54]} a5 {[%emt 0:03:20]} 20. a3 {[%emt 0:04:46]} b5 {[%emt 0:05:22]} 21. cxb5 {[%emt 0:06:16]} cxb5 {[%emt 0:00:08]} 22. d5 {[%emt 0:00:35]} Bc5 {[%emt 0:11:19]} 23. dxe6 {[%emt 0:01:53]} Qxe6 {[%emt 0:05:45]} 24. Qxe6 Rxe6 {[%emt 0:03:11]} 25. Rxe6 {[%emt 0:03:49]} Nxe6 {[%emt 0:00:05]} 26. Bxb5 {[%emt 0:00:06]} Ng5 {[%emt 0:00:16]} 27. Rd5 {[%emt 0:01:53]} Ne4 {[%emt 0:07:27]} 28. Bd4 {[%emt 0:04:35]} Bxd4 {[%emt 0:01:39]} 29. Rxd4 {[%emt 0:00:04]} Ng5 {[%emt 0:00:07]} 30. Kg2 {[%emt 0:00:50]} Ne6 {[%emt 0:00:50]} 31. Rc4 {[%emt 0:00:47]} 1-0

[Event "CZE-ch Youth B14 2022"]
[Site "Luhacovice"]
[Date "2022.03.18"]
[Round "8.3"]
[White "Soucek, Jan"]
[Black "Brozka, Karel"]
[Result "1/2-1/2"]
[WhiteElo "1849"]
[BlackElo "2125"]
[Annotator "NA"]
[PlyCount "61"]
[EventDate "2022.03.12"]
[EventType "swiss"]
[EventCountry "CZE"]
[SourceTitle "playchess.com"]
[Source "ChessBase"]
[SourceQuality "1"]
[TimeControl "40/5400+30:1800+30"]

1. d4 {[%emt 0:00:52]} Nf6 {[%emt 0:00:23]} 2. Bg5 {[%emt 0:00:26]} e6 {[%emt 0:00:16]} 3. e4 {[%emt 0:00:13]} h6 {[%emt 0:00:19]} 4. Bxf6 {[%emt 0:00:07]} Qxf6 {[%emt 0:00:05]} 5. c3 {[%emt 0:00:21]} b6 {[%emt 0:01:39]} 6. Nd2 {[%emt 0:07:06]} Bb7 {[%emt 0:01:30]} 7. Bd3 {[%emt 0:00:28]} c5 {[%emt 0:18:02]} 8. Ngf3 {[%emt 0:11:10]} Nc6 {[%emt 0:01:34]} 9. d5 {[%emt 0:20:50]} Ne5 {[%emt 0:16:58]} 10. Nxe5 {[%emt 0:00:17]} Qxe5 {[%emt 0:00:27]} 11. Nc4 {[%emt 0:01:28]} Qc7 $1 {[%emt 0:02:08]} 12. Bc2 {[%emt 0:03:01]} b5 {[%emt 0:10:46]} 13. d6 {[%emt 0:00:42]} Qd8 $11 {[%emt 0:01:36]} 14. Ne3 {[%emt 0:03:19]} Qf6 {[%emt 0:04:58]} 15. O-O {[%emt 0:02:18]} g5 {[%emt 0:04:30]} 16. Ng4 {[%emt 0:29:13]} Qf4 {[%emt 0:09:16]} 17. e5 {[%emt 0:00:31]} Bg7 {[%emt 0:02:04]} 18. f3 {[%emt 0:00:35]} h5 {[%emt 0:03:16]} 19. g3 {[%emt 0:01:25]} Bxf3 {[%emt 0:00:16]} 20. Rxf3 {[%emt 0:04:55]} Qxg4 {[%emt 0:01:37]} 21. Qf1 {[%emt 0:00:28]} Rf8 {[%emt 0:13:51]} 22. Rxf7 {[%emt 0:04:04]} Rxf7 {[%emt 0:01:53]} 23. Bg6 {[%emt 0:00:03]} O-O-O {[%emt 0:00:58]} 24. Bxf7 {[%emt 0:06:11]} Bxe5 {[%emt 0:01:45]} 25. Qxb5 {[%emt 0:00:29]} Bxd6 {[%emt 0:01:42]} 26. Qa6+ {[%emt 0:00:54]} Kc7 {[%emt 0:00:01]} 27. Qxa7+ {[%emt 0:00:36]} Kc8 {[%emt 0:00:37]} 28. Qa6+ {[%emt 0:01:25]} Kc7 {[%emt 0:00:02]} 29. Qa7+ {[%emt 0:00:16]} Kc8 {[%emt 0:00:08]} 30. Qa6+ {[%emt 0:00:28]} Kc7 {[%emt 0:00:05]} 31. Qa7+ {[%emt 0:00:01]} 1/2-1/2

[Event "CZE-ch Youth B14 2022"]
[Site "Luhacovice"]
[Date "2022.03.18"]
[Round "8.4"]
[White "Buchta, Bartolomej"]
[Black "Fizer, Marek"]
[Result "1/2-1/2"]
[WhiteElo "1901"]
[BlackElo "1876"]
[Annotator "ChessBase"]
[PlyCount "98"]
[EventDate "2022.03.12"]
[EventType "swiss"]
[EventCountry "CZE"]
[SourceTitle "playchess.com"]
[Source "ChessBase"]
[SourceQuality "1"]
[TimeControl "40/5400+30:1800+30"]

1. e4 {[%emt 0:00:03]} c5 {[%emt 0:00:04]} 2. Nf3 {[%emt 0:00:04]} Nc6 {[%emt 0:00:06]} 3. d4 {[%emt 0:00:04]} cxd4 {[%emt 0:00:06]} 4. Nxd4 {[%emt 0:00:04]} Nf6 {[%emt 0:00:07]} 5. Nc3 {[%emt 0:00:07]} e5 {[%emt 0:00:04]} 6. Ndb5 {[%emt 0:00:19]} d6 {[%emt 0:00:11]} 7. Bg5 {[%emt 0:00:05]} a6 {[%emt 0:00:12]} 8. Na3 {[%emt 0:00:05]} b5 {[%emt 0:00:25]} 9. Nd5 {[%emt 0:00:05]} Be7 {[%emt 0:00:17]} 10. Bxf6 {[%emt 0:00:14]} Bxf6 {[%emt 0:00:17]} 11. c3 {[%emt 0:00:16]} Ne7 {[%emt 0:00:17]} 12. Nxf6+ {[%emt 0:05:44]} gxf6 {[%emt 0:00:07]} 13. g4 {[%emt 0:07:07]} Rg8 {[%emt 0:04:19]} 14. h3 {[%emt 0:02:48]} Bb7 {[%emt 0:01:21]} 15. Qf3 {[%emt 0:09:59]} Ng6 {[%emt 0:06:45]} 16. O-O-O {[%emt 0:00:13]} Nf4 {[%emt 0:00:57]} 17. Nc2 {[%emt 0:01:24]} Ne6 {[%emt 0:26:36]} 18. Bg2 {[%emt 0:15:23]} Nf4 {[%emt 0:09:38]} 19. Ne3 {[%emt 0:09:35]} Qc7 {[%emt 0:10:17]} 20. Rd2 {[%emt 0:05:50]} O-O-O {[%emt 0:02:02]} 21. Kb1 {[%emt 0:02:47]} Kb8 {[%emt 0:06:08]} 22. Rc1 {[%emt 0:07:27]} h5 {[%emt 0:02:36]} 23. c4 {[%emt 0:04:24]} hxg4 {[%emt 0:00:20]} 24. hxg4 {[%emt 0:00:04]} b4 {[%emt 0:05:04]} 25. Nd5 {[%emt 0:07:06]} Bxd5 {[%emt 0:02:09]} 26. cxd5 {[%emt 0:00:08]} Qd7 {[%emt 0:00:10]} 27. Bf1 {[%emt 0:01:54]} Rc8 {[%emt 0:04:15]} 28. Rxc8+ {[%emt 0:09:57]} Qxc8 {[%emt 0:00:23]} 29. Rc2 {[%emt 0:00:05]} Qxg4 {[%emt 0:00:56]} 30. Qe3 {[%emt 0:01:10]} Qd1+ {[%emt 0:00:07]} 31. Rc1 {[%emt 0:00:03]} Qd4 {[%emt 0:00:08]} 32. Qxd4 {[%emt 0:00:07]} exd4 {[%emt 0:00:06]} 33. Bxa6 {[%emt 0:00:30]} Rg2 {[%emt 0:01:08]} 34. Rd1 {[%emt 0:02:42]} Ka7 {[%emt 0:01:23]} 35. Bc4 {[%emt 0:00:20]} Kb6 {[%emt 0:00:43]} 36. b3 {[%emt 0:01:16]} Rxf2 {[%emt 0:01:43]} 37. Rxd4 {[%emt 0:00:53]} Kc5 {[%emt 0:00:25]} 38. Rd1 {[%emt 0:01:04]} Ne2 {[%emt 0:01:05]} 39. Bxe2 {[%emt 0:01:14]} Rxe2 {[%emt 0:00:32]} 40. Rc1+ {[%emt 0:00:24]} Kd4 {[%emt 0:13:05]} 41. Rc4+ {[%emt 0:31:39]} Ke5 {[%emt 0:30:31]} 42. Rxb4 {[%emt 0:05:51]} Rxe4 {[%emt 0:00:36]} 43. Rxe4+ {[%emt 0:00:00]} Kxe4 {[%emt 0:00:00]} 44. Kc2 {[%emt 0:00:00]} Kxd5 {[%emt 0:00:00]} 45. a4 {[%emt 0:00:00]} f5 {[%emt 0:00:00]} 46. Kd3 {[%emt 0:00:00]} Kc5 {[%emt 0:00:00]} 47. a5 {[%emt 0:00:00]} Kb5 {[%emt 0:00:00]} 48. b4 {[%emt 0:00:00]} d5 {[%emt 0:00:00]} 49. Ke3 {[%emt 0:00:00]} f6 {[%emt 0:00:00]} 1/2-1/2

[Event "CZE-ch Youth B14 2022"]
[Site "Luhacovice"]
[Date "2022.03.18"]
[Round "8.5"]
[White "Jasso, Matej"]
[Black "Setina, Vaclav"]
[Result "1/2-1/2"]
[WhiteElo "1726"]
[BlackElo "1881"]
[Annotator "NA"]
[PlyCount "81"]
[EventDate "2022.03.12"]
[EventType "swiss"]
[EventCountry "CZE"]
[SourceTitle "playchess.com"]
[Source "ChessBase"]
[SourceQuality "1"]
[TimeControl "40/5400+30:1800+30"]

1. d4 {[%emt 0:00:38]} d5 {[%emt 0:00:05]} 2. Bf4 {[%emt 0:00:15]} Bf5 {[%emt 0:00:11]} 3. e3 {[%emt 0:00:11]} Nf6 {[%emt 0:00:31]} 4. Nf3 {[%emt 0:00:51]} e6 {[%emt 0:00:10]} 5. Be2 {[%emt 0:00:29]} Be7 {[%emt 0:00:59]} 6. Nbd2 {[%emt 0:03:57]} O-O {[%emt 0:00:18]} 7. O-O {[%emt 0:00:48]} h6 {[%emt 0:00:35]} 8. h3 {[%emt 0:01:00]} c5 {[%emt 0:01:33]} 9. c4 {[%emt 0:06:25]} Nc6 {[%emt 0:03:00]} 10. Rc1 {[%emt 0:00:55]} cxd4 {[%emt 0:01:16]} 11. exd4 {[%emt 0:03:07]} dxc4 {[%emt 0:02:28]} 12. Nxc4 {[%emt 0:01:20]} Be4 {[%emt 0:27:56]} 13. Nce5 {[%emt 0:04:38]} Bd6 {[%emt 0:10:50]} 14. Nxc6 $11 {[%emt 0:04:55]} Bxc6 {[%emt 0:01:33]} 15. Ne5 {[%emt 0:02:33]} Bd5 {[%emt 0:02:11]} 16. Bf3 {[%emt 0:08:07]} Qe7 {[%emt 0:03:06]} 17. Re1 {[%emt 0:11:07]} Rfd8 {[%emt 0:05:10]} 18. Bxd5 {[%emt 0:10:54]} Nxd5 {[%emt 0:00:40]} 19. Bg3 {[%emt 0:00:57]} Bc7 {[%emt 0:09:45]} 20. Qg4 {[%emt 0:06:38]} Qg5 {[%emt 0:15:21]} 21. Qxg5 {[%emt 0:03:28]} hxg5 {[%emt 0:00:01]} 22. Nxf7 {[%emt 0:00:26]} Kxf7 {[%emt 0:03:49]} 23. Bxc7 {[%emt 0:00:13]} Rd7 {[%emt 0:00:25]} 24. Be5 {[%emt 0:04:38]} Nb4 {[%emt 0:01:26]} 25. Rc4 {[%emt 0:00:09]} Nd3 {[%emt 0:01:43]} 26. Re2 {[%emt 0:00:12]} b5 {[%emt 0:02:04]} 27. Rc3 {[%emt 0:01:41]} Nf4 {[%emt 0:02:11]} 28. Rf3 {[%emt 0:01:36]} Ke7 {[%emt 0:02:28]} 29. Bxf4 {[%emt 0:00:25]} gxf4 {[%emt 0:00:04]} 30. Rxf4 {[%emt 0:00:06]} Rc8 {[%emt 0:00:25]} 31. Re5 {[%emt 0:05:13]} Rd5 {[%emt 0:02:33]} 32. Rfe4 {[%emt 0:01:32]} Rxe5 {[%emt 0:00:33]} 33. Rxe5 {[%emt 0:00:07]} a6 {[%emt 0:00:50]} 34. Rc5 {[%emt 0:00:42]} Rd8 {[%emt 0:00:36]} 35. Kf1 {[%emt 0:02:43]} Rxd4 {[%emt 0:00:03]} 36. Ke2 {[%emt 0:00:07]} Rd6 {[%emt 0:01:07]} 37. Ke3 {[%emt 0:01:02]} Kf6 {[%emt 0:00:09]} 38. a4 {[%emt 0:01:18]} bxa4 {[%emt 0:00:15]} 39. Ra5 {[%emt 0:00:06]} Rb6 {[%emt 0:00:04]} 40. Rxa4 {[%emt 0:00:17]} Rb3+ {[%emt 0:00:09]} 41. Ke4 {[%emt 0:31:19]} 1/2-1/2

[Event "CZE-ch Youth B14 2022"]
[Site "Luhacovice"]
[Date "2022.03.18"]
[Round "8.6"]
[White "Juhanak, Daniel"]
[Black "Zrubek, Dan"]
[Result "1-0"]
[WhiteElo "1688"]
[BlackElo "1478"]
[Annotator "NA"]
[PlyCount "73"]
[EventDate "2022.03.12"]
[EventType "swiss"]
[EventCountry "CZE"]
[SourceTitle "playchess.com"]
[Source "ChessBase"]
[SourceQuality "1"]
[TimeControl "40/5400+30:1800+30"]

1. e4 {[%emt 0:00:02]} c5 {[%emt 0:00:05]} 2. Nf3 {[%emt 0:00:07]} d6 {[%emt 0:00:07]} 3. d4 {[%emt 0:00:09]} cxd4 {[%emt 0:00:17]} 4. Nxd4 {[%emt 0:00:02]} Nf6 {[%emt 0:00:37]} 5. Nc3 {[%emt 0:00:02]} g6 {[%emt 0:00:25]} 6. Be3 {[%emt 0:00:16]} Bg7 {[%emt 0:00:30]} 7. f3 {[%emt 0:00:22]} O-O {[%emt 0:00:14]} 8. Qd2 {[%emt 0:00:08]} Nc6 {[%emt 0:00:25]} 9. O-O-O {[%emt 0:00:17]} d5 {[%emt 0:01:05]} 10. Qe1 {[%emt 0:00:27]} e5 {[%emt 0:00:51]} 11. Nxc6 {[%emt 0:00:04]} bxc6 {[%emt 0:00:09]} 12. exd5 {[%emt 0:00:14]} Nxd5 {[%emt 0:01:51]} 13. Bc4 {[%emt 0:00:08]} Be6 {[%emt 0:02:40]} 14. Kb1 {[%emt 0:00:05]} Qc7 {[%emt 0:23:51]} 15. Nxd5 {[%emt 0:01:24]} cxd5 {[%emt 0:00:09]} 16. Bxd5 {[%emt 0:00:40]} Bxd5 {[%emt 0:09:09]} 17. Rxd5 {[%emt 0:00:02]} Qb7 {[%emt 0:04:02]} 18. Qa5 {[%emt 0:19:22]} Rab8 {[%emt 0:05:45]} 19. b3 {[%emt 0:05:15]} Rfc8 {[%emt 0:04:42]} 20. Rhd1 {[%emt 0:04:12]} Bf6 {[%emt 0:01:35]} 21. Bxa7 {[%emt 0:23:29]} Ra8 {[%emt 0:02:34]} 22. Rd7 {[%emt 0:01:28]} Qc6 {[%emt 0:04:53]} 23. c4 {[%emt 0:08:39]} Rcb8 {[%emt 0:01:31]} 24. Qd5 {[%emt 0:01:53]} Qxd5 {[%emt 0:02:15]} 25. R1xd5 {[%emt 0:01:47]} Re8 {[%emt 0:00:23]} 26. c5 {[%emt 0:08:32]} e4 {[%emt 0:00:47]} 27. fxe4 {[%emt 0:01:39]} Rxe4 {[%emt 0:00:06]} 28. Bb6 {[%emt 0:02:55]} Re1+ {[%emt 0:01:45]} 29. Rd1 {[%emt 0:01:25]} Re2 {[%emt 0:00:07]} 30. R7d2 {[%emt 0:00:56]} Re6 {[%emt 0:00:26]} 31. a4 {[%emt 0:03:59]} Re4 {[%emt 0:00:45]} 32. a5 {[%emt 0:01:18]} Kg7 {[%emt 0:00:47]} 33. c6 {[%emt 0:04:39]} Ree8 {[%emt 0:00:30]} 34. c7 {[%emt 0:01:11]} Rac8 {[%emt 0:00:33]} 35. Rd8 {[%emt 0:01:37]} Kf8 {[%emt 0:00:38]} 36. Rxc8 {[%emt 0:00:12]} Rxc8 {[%emt 0:00:07]} 37. Rd8+ {[%emt 0:00:08]} 1-0

[Event "CZE-ch Youth B14 2022"]
[Site "Luhacovice"]
[Date "2022.03.18"]
[Round "8.7"]
[White "Hozda, Max"]
[Black "Babula, Matej"]
[Result "1/2-1/2"]
[WhiteElo "1901"]
[BlackElo "1753"]
[Annotator "NA"]
[PlyCount "63"]
[EventDate "2022.03.12"]
[EventType "swiss"]
[EventCountry "CZE"]
[SourceTitle "playchess.com"]
[Source "ChessBase"]
[SourceQuality "1"]
[TimeControl "40/5400+30:1800+30"]

1. d4 {[%emt 0:00:07]} Nf6 {[%emt 0:00:04]} 2. c4 {[%emt 0:00:07]} e6 {[%emt 0:00:03]} 3. Nc3 {[%emt 0:00:05]} Bb4 {[%emt 0:00:04]} 4. Qc2 {[%emt 0:00:06]} O-O {[%emt 0:00:12]} 5. a3 {[%emt 0:00:03]} Bxc3+ {[%emt 0:00:04]} 6. Qxc3 {[%emt 0:00:02]} Ne4 {[%emt 0:00:07]} 7. Qc2 {[%emt 0:02:08]} f5 {[%emt 0:00:05]} 8. g3 {[%emt 0:02:09]} b6 {[%emt 0:00:04]} 9. Bg2 {[%emt 0:00:09]} Bb7 {[%emt 0:00:01]} 10. Nf3 {[%emt 0:00:37]} Nf6 {[%emt 0:02:24]} 11. b4 {[%emt 0:08:10]} Be4 {[%emt 0:01:39]} 12. Qb3 {[%emt 0:01:08]} d6 {[%emt 0:08:22]} 13. O-O {[%emt 0:02:29]} Nbd7 {[%emt 0:08:53]} 14. Rd1 {[%emt 0:31:14]} Qe8 {[%emt 0:07:55]} 15. Bb2 {[%emt 0:01:10]} Qh5 $11 {[%emt 0:11:44]} 16. Qe3 {[%emt 0:19:18]} h6 {[%emt 0:04:01]} 17. h3 {[%emt 0:00:52]} Rfe8 {[%emt 0:02:53]} 18. Nd2 {[%emt 0:01:49]} Bxg2 {[%emt 0:00:54]} 19. Kxg2 {[%emt 0:00:08]} e5 {[%emt 0:02:43]} 20. Qf3 {[%emt 0:04:16]} Qxf3+ {[%emt 0:04:31]} 21. exf3 {[%emt 0:01:45]} c5 {[%emt 0:07:26]} 22. dxc5 {[%emt 0:03:58]} dxc5 {[%emt 0:00:22]} 23. Nb3 {[%emt 0:01:00]} a5 {[%emt 0:11:17]} 24. bxa5 {[%emt 0:03:57]} bxa5 {[%emt 0:00:01]} 25. Bc3 {[%emt 0:00:20]} a4 {[%emt 0:00:31]} 26. Na5 {[%emt 0:01:31]} e4 {[%emt 0:05:41]} 27. Nb7 {[%emt 0:04:29]} exf3+ {[%emt 0:00:41]} 28. Kxf3 {[%emt 0:01:08]} Ne5+ {[%emt 0:00:29]} 29. Bxe5 {[%emt 0:01:45]} Rxe5 {[%emt 0:00:02]} 30. Rab1 {[%emt 0:02:27]} Ne4 {[%emt 0:03:39]} 31. Rb6 {[%emt 0:02:34]} Rae8 {[%emt 0:03:15]} 32. Rd7 1/2-1/2